000 00957nam a22003377a 4500
005 20241105155311.0
008 210610b xxu||||| |||| 00| 0 spa d
020 _a9789587783506
041 _aspa
082 _a658.3 M538c
100 _aMéndez Álvarez, Carlos Eduardo
245 _aCultura y clima: fundamentos para el cambio en la organización
260 _aColombia
260 _bAlfaomega
260 _c2018
300 _a239 páginas
650 _aADMINISTRACIÓN DE EMPRESAS
650 _aCLIMA ORGANIZACIONAL
650 _aCULTURA ORGANIZACIONAL
650 _aCARACTERIZACIÓN DE LA CULTURA
650 _aCAMBIO ORGANIZACIONAL
650 _aSENSIBILIZACIÓN
650 _aSISTEMA CULTURAL
650 _aINTERACCIÓN SOCIAL
650 _aORIENTACIÓN AL CAMBIO
650 _aRALACIÓN ENTRE CULTURA Y CLIMA ORGANIZACIONAL
650 _aLÍDER
650 _aGLOBALIZACIÓN
942 _cBK
_2ddc
999 _c13004
_d13004